000 00396nam a2200133Ia 4500
008 220216s9999 xx 000 0 und d
245 0 _aPromote SR industry through technology & innovation: Interview Brian Chapman, President International, IISRP
260 _bRubber Asia
_c2018
300 _a54-57
500 _aSource Year: 2018
650 _aInterview
650 _aSR industry
942 _cJS
999 _c65942
_d65942